Účtovné zobrazenie rezerv v podnikateľských účtovných jednotkách bakalárska práca

Na minha lista:
Detalhes bibliográficos
Autor principal: Fodorová, Miroslava
Autor Corporativo: Fakulta hospodárskej informatiky EU. Katedra účtovníctva a audítorstva
Outros Autores: Blahušiaková, Miriama, 1980-
Formato: Livro
Idioma:eslovaco
Publicado em: Bratislava 2017
Tags: Adicionar Tag
Sem tags, seja o primeiro a adicionar uma tag!

MARC

LEADER 00000nbm a2200000 4500
001 0233106
005 20180412134014.6
041 0 |a slo 
044 |a SK 
245 1 0 |a Účtovné zobrazenie rezerv v podnikateľských účtovných jednotkách  |b bakalárska práca  |c Miroslava Fodorová ; školiteľ: Miriama Blahušiaková 
264 1 |a Bratislava  |c 2017 
300 |a 41 s. 
100 1 |a Fodorová, Miroslava 
700 1 |a Blahušiaková, Miriama, 1980- 
710 2 |a Fakulta hospodárskej informatiky EU. Katedra účtovníctva a audítorstva